000 00692nam a22002417a 4500
003 0
005 20160609165409.0
008 100212t xxu||||| |||| 00| 0 eng d
037 _aM15545
_bBIBLIO
040 _aBUAC
_bF
_cBEPAC
082 _a27.ABM/ALI
100 _aAlidou , Sanad B.
_93611
130 _lfr
_910866
245 _aContrôle de qualité des réactifs groupages sanguins Abo et Rh utilisés au SDTS/B-A
260 _aUAC-EPAC
_bUAC-EPAC
_c2007-2008
300 _aII-59p
_c29cm
500 _aMem Ecole Polytechnique d'Abomey Calavi
650 _aSANG
_93612
650 _aSANG
_93612
650 _aGROUPAGE
_93612
700 _aDemanou , Solange S.
_93613
942 _cTHE
999 _c46949
_d46949